| 000 | 00639nam a22002173a 4500 | ||
|---|---|---|---|
| 005 | 20210223124216.0 | ||
| 008 | 010621s1993 mx fr 000 0 spa d | ||
| 020 | _a8489525382 | ||
| 035 | _aUPN01000108818 | ||
| 049 | _aCG | ||
| 050 | 4 |
_aPQ7409 D5 _bT4 |
|
| 100 | 1 | _aDi Pietro, Giovanni. | |
| 245 | 1 | 0 |
_aTemas de literatura y de cultura dominicana / _cGiovanni Di Pietro. |
| 260 |
_aSanto Domingo : _bInstituto Tecnológico de Santo Domingo, _c1993. |
||
| 300 | _a146 p. | ||
| 650 | 1 | 4 |
_aLITERATURA DOMINICANA _916670 |
| 650 | 2 | 4 |
_aNOVELA DOMINICANA - _xHISTORIA Y CRITICA. |
| 901 | _a127157 | ||
| 902 | _aJMG/pgv | ||
| 905 | _aLibro | ||
| 999 |
_c82729 _d82729 |
||